| 000 | 00441nam a2200145Ia 4500 | ||
|---|---|---|---|
| 008 | 151213s9999 xx 000 0 und d | ||
| 100 | _aEve Leoff | ||
| 245 |
_aReview Notes and Study Guide to Twentieths Country British & American Poets _cEve Leoff |
||
| 260 |
_aNew York _bFairliegh Dickrson Uni Manarch Press _c1964 |
||
| 300 | _a3540 p. | ||
| 650 | _aEnglish Literature | ||
| 650 | _aLiterature | ||
| 700 | _aEve Leoff | ||
| 999 |
_c2345 _d2345 |
||